000
00318nam a22001337a 4500
008
171213b xxu||||| |||| 00| 0 eng d
020
_a
9788120311763
041
_a
eng
080
_2
6 ED
_a
62
100
_a
27
101
_a
IM
245
_a
ELECTRONIC DEVICES AND CIRCUIT THEORY
_c
BOYLESTAD.R.L
942
_2
udc
_c
BK
999
_c
38881
_d
38881